<?xml version="1.0" encoding="UTF-8"?><?xml-stylesheet type="text/xsl" href="static/style.xsl"?><OAI-PMH xmlns="http://www.openarchives.org/OAI/2.0/" xmlns:xsi="http://www.w3.org/2001/XMLSchema-instance" xsi:schemaLocation="http://www.openarchives.org/OAI/2.0/ http://www.openarchives.org/OAI/2.0/OAI-PMH.xsd"><responseDate>2026-04-13T01:09:26Z</responseDate><request verb="GetRecord" identifier="oai:www.recercat.cat:2117/459259" metadataPrefix="marc">https://recercat.cat/oai/request</request><GetRecord><record><header><identifier>oai:recercat.cat:2117/459259</identifier><datestamp>2026-03-26T17:56:05Z</datestamp><setSpec>com_2072_1033</setSpec><setSpec>col_2072_452951</setSpec></header><metadata><record xmlns="http://www.loc.gov/MARC21/slim" xmlns:dcterms="http://purl.org/dc/terms/" xmlns:xsi="http://www.w3.org/2001/XMLSchema-instance" xmlns:doc="http://www.lyncode.com/xoai" xsi:schemaLocation="http://www.loc.gov/MARC21/slim http://www.loc.gov/standards/marcxml/schema/MARC21slim.xsd">
   <leader>00925njm 22002777a 4500</leader>
   <datafield ind2=" " ind1=" " tag="042">
      <subfield code="a">dc</subfield>
   </datafield>
   <datafield ind2=" " ind1=" " tag="720">
      <subfield code="a">García Aponte, Miriam</subfield>
      <subfield code="e">author</subfield>
   </datafield>
   <datafield ind2=" " ind1=" " tag="260">
      <subfield code="c">2003-06</subfield>
   </datafield>
   <datafield ind2=" " ind1=" " tag="520">
      <subfield code="a">En el treball realitzat s’ha dissenyat un sistema de supervisió per a un procés de laboratori consistent en el control de nivell d’aigua d’un tanc. Aquestes són les fases de les quals consta:
1) Fase Assaig i Reparació: Partim de la base que tenim una maqueta amb dos dipòsits secundaris i un de central. S’ha fet una “posta a punt de la maqueta” , netejant els tubs i dipòsits, canviant un relé del panel disparador i una electrovàlvula que no funcionaven, a més de afegir-hi 2 connectors per a tenir les electrovàlvules externes.
2) Fase control de la bomba: Durant aquesta fase s’estudia el comportament de la motobomba de la maqueta inicial, observant la variació del seu cabal en funció de diferents tensions subministrades a la bomba i construint les gràfiques de potència i de corrent representades en funció de la tensió per a poder construir un driver conversor tensió-corrent per a la motobomba.
3) Fase de coneixement de l’eina Stateflow i proves: L’eina utilitzada per a controlar el procés en temps real ha sigut Stateflow (del MATLAB 6.5).
4) Disseny de diagrames de flux per al control del procés: En aquesta fase s’ha realitzat un diagrama de flux que permet fer un control del nivell del tanc amb un regulador del tipus relé amb histèresis.
Com a conclusió final podem dir que s’ha arribat a l’objectiu determinat. S’han assolit cadascuna de les fases del projecte, solventant els problemes que ens hem trobat pel camí</subfield>
   </datafield>
   <datafield ind1="8" ind2=" " tag="024">
      <subfield code="a">https://hdl.handle.net/2117/459259</subfield>
   </datafield>
   <datafield tag="653" ind2=" " ind1=" ">
      <subfield code="a">Àrees temàtiques de la UPC::Enginyeria electrònica</subfield>
   </datafield>
   <datafield tag="653" ind2=" " ind1=" ">
      <subfield code="a">Supervisory control systems</subfield>
   </datafield>
   <datafield tag="653" ind2=" " ind1=" ">
      <subfield code="a">Tanks</subfield>
   </datafield>
   <datafield tag="653" ind2=" " ind1=" ">
      <subfield code="a">Sistemes de control de supervisió</subfield>
   </datafield>
   <datafield tag="653" ind2=" " ind1=" ">
      <subfield code="a">Dipòsits d'aigua</subfield>
   </datafield>
   <datafield ind2="0" ind1="0" tag="245">
      <subfield code="a">Disseny de la supervisió d'un sistema de tancs d'aigua</subfield>
   </datafield>
</record></metadata></record></GetRecord></OAI-PMH>